000 00602nam a2200229Ia 4500
003 OSt
005 20220928112542.0
006 a|||||r|||| 00| 0
007 ta
008 220927b |||||||| |||| 00| 0 eng d
024 _a38747
037 _cTextual
040 _aSDCL
_cSDCL
_beng
041 _2eng
_aeng
082 _aQ7:2, N6
100 _aAli Maulana Muhammad
_9428698
245 0 _aHoly Qur'an.
260 _aLahore
_bAhmadiyyah Anjuman Ishaat Islam
_c1996
300 _aliii,1256p.
_ccm.
942 _hQ7:2, N6
_cTEXL
_2CC
999 _c745231
_d745231